Caracterización morfológica y productiva de Vicia villosa subsp. villosa y V. villosa subsp. dasycarpa /
Guardado en:
| Autor Principal: | |
|---|---|
| Autor Corporativo: | |
| Otros Autores: | |
| Formato: | Libro |
| Idioma: | Spanish |
| Publicado: |
Bahía Blanca,
2012.
|
| Etiquetas: |
Agregar Etiqueta
Sin Etiquetas, Sea el primero en etiquetar este registro!
|
| LEADER | 00734nam a22001695a 4500 | ||
|---|---|---|---|
| 001 | EEA.libagro008791 | ||
| 005 | 20171010122755.0 | ||
| 008 | 130809s2012####ag#a##########000#0#spa#d | ||
| 082 | 0 | 4 | |a 633.208 |
| 100 | 1 | |a Recarte, Darío. | |
| 245 | 1 | 0 | |a Caracterización morfológica y productiva de Vicia villosa subsp. villosa y V. villosa subsp. dasycarpa / |c Darío Recarte. |
| 260 | |a Bahía Blanca, |c 2012. | ||
| 300 | |a 35 p. : |b il. ; |c 30 cm. | ||
| 500 | |a Trabajo de intensificación (Ingeniero Agrónomo) -- Universidad Nacional del Sur. Departamento de Agronomía, 2012. | ||
| 700 | 1 | |a Cantamutto, Miguel A., |e tutor. | |
| 710 | 2 | |a Universidad Nacional del Sur. |b Departamento de Agronomía. | |
| 859 | |a AR-BbBCA |b BIB. AGRONOMIA |h 633.208 |i R294 |p 2012/6119 | ||
